MARC

LEADER 00000nam0a2200000 4500
001 38809
005 20231031010719.0
010 |a 5060015459 
035 |a (RuTPU)RU\TPU\book\39638 
090 |a 38809 
100 |a 20020319d1991 m y0rusy50 ca 
101 0 |a rus 
102 |a RU 
105 |a a j 001zy 
200 1 |a Теория вероятностей и математическая статистика  |e учебное пособие  |f В. А. Колемаев, О. В. Староверов, В. Б. Турундаевский  |g Под ред. В. А. Колемаева 
210 |a Москва  |c Высшая школа  |d 1991 
215 |a 399 с.  |c ил. 
320 |a Библиогр.: с. 396-397. 
610 1 |a математика 
610 1 |a теория вероятностей 
610 1 |a математическая статистика 
610 1 |a случайные величины 
610 1 |a предельные теоремы 
610 1 |a корреляционный анализ 
610 1 |a регрессионный анализ 
610 1 |a дисперсионный анализ 
610 1 |a временные ряды 
610 1 |a статистический анализ 
610 1 |a учебные пособия 
675 |a 519.2(075.8)  |v 3 
700 1 |a Колемаев  |b В. А.  |g Владимир Алексеевич 
701 1 |a Староверов  |b О. В.  |g Олег Васильевич 
701 1 |a Турундаевский  |b В. Б.  |g Виктор Борисович 
702 1 |a Колемаев  |b В. А.  |g Владимир Алексеевич  |4 340 
801 1 |a RU  |b 63413507  |c 20020319  |g PSBO 
801 2 |a RU  |b 63413507  |c 20130605  |g PSBO 
942 |c BK